000 00481nam a2200181 a 4500
001 1757826842551
003 YourLibrary
005 20250915121512.0
008 250914s1998##################000#0#eng##
020 _a9780006530657
082 0 4 _a150.1954
_bSTO
100 1 _aJung, Carl Gustav,
_eauthor.
245 1 0 _aThe Essential Jung :
260 _bHarperCollins Publishers,
_c1998.
650 0 _aPsychoanalysis.
942 _cENGLISH
040 _aYourLibrary
_beng
_cYourLibrary
999 _c587047
_d587047